LEADER 00972nam0-22003131i-450- 001 990001020930403321 005 20040519122246.0 035 $a000102093 035 $aFED01000102093 035 $a(Aleph)000102093FED01 035 $a000102093 100 $a20020001d--------km-y0itay50------ba 101 0 $aeng 200 1 $aStatistical Physics$fby L.D. Landau and E. M. Lifshitz$gtranslated from the russian by E. Pierls amd R.F. Peierls 210 $aLondon [etc.]$cPergamon Press$d1958 225 1 $aCourse of theoretical physics$v5 610 0 $aMeccanica statistica 676 $a530.13 700 1$aLandau,$bLev Davidovich$f<1908-1968>$040436 702 1$aLifsic,$bEvgenij Mihailovic$f<1915-1985> 702 1$aPeierls,$bE. 801 0$aIT$bUNINA$gRICA$2UNIMARC 901 $aBK 912 $a990001020930403321 952 $a21-008F$b788$fFI1 952 $a21-008.003F$b14016$fFI1 959 $aFI1 996 $aStatistical Physics$9119190 997 $aUNINA